<?xml version="1.0" encoding="UTF-8"?>
<record
    xmlns:xsi="http://www.w3.org/2001/XMLSchema-instance"
    xsi:schemaLocation="http://www.loc.gov/MARC21/slim http://www.loc.gov/standards/marcxml/schema/MARC21slim.xsd"
    xmlns="http://www.loc.gov/MARC21/slim">

  <leader>00391nam a22001457a 4500</leader>
  <controlfield tag="005">20171221113109.0</controlfield>
  <controlfield tag="008">171221b        xxu||||| |||| 00| 0 eng d</controlfield>
  <datafield tag="040" ind1=" " ind2=" ">
    <subfield code="c">PK-LaUMT</subfield>
  </datafield>
  <datafield tag="082" ind1=" " ind2=" ">
    <subfield code="a">ZIAC 297.076</subfield>
    <subfield code="b">FAR-J</subfield>
  </datafield>
  <datafield tag="100" ind1=" " ind2=" ">
    <subfield code="a">Faruq , Muhammad</subfield>
  </datafield>
  <datafield tag="245" ind1=" " ind2=" ">
    <subfield code="a">Jadeed zehan kay shubhaat aur Islam ka jawab/</subfield>
    <subfield code="c">Muhammad Faruq</subfield>
  </datafield>
  <datafield tag="260" ind1=" " ind2=" ">
    <subfield code="a">&#x67E;&#x634;&#x627;&#x648;&#x631;:</subfield>
    <subfield code="b">[ ]</subfield>
    <subfield code="c">[ ]</subfield>
  </datafield>
  <datafield tag="300" ind1=" " ind2=" ">
    <subfield code="a">134 &#x635;</subfield>
  </datafield>
  <datafield tag="942" ind1=" " ind2=" ">
    <subfield code="c">BK</subfield>
  </datafield>
  <datafield tag="999" ind1=" " ind2=" ">
    <subfield code="c">100940</subfield>
    <subfield code="d">100940</subfield>
  </datafield>
  <datafield tag="952" ind1=" " ind2=" ">
    <subfield code="0">0</subfield>
    <subfield code="1">0</subfield>
    <subfield code="4">0</subfield>
    <subfield code="7">0</subfield>
    <subfield code="a">01</subfield>
    <subfield code="b">01</subfield>
    <subfield code="d">2017-12-21</subfield>
    <subfield code="l">0</subfield>
    <subfield code="o">ZIAC 297.076 FAR-J</subfield>
    <subfield code="p">113190</subfield>
    <subfield code="r">2017-12-21 00:00:00</subfield>
    <subfield code="w">2017-12-21</subfield>
    <subfield code="y">BK</subfield>
  </datafield>
</record>
